Govt. of
Madhya Pradesh

मध्‍यप्रदेश छत्‍तीसगढ वित्‍तीय संहिता (Record no. 55405)

MARC details
000 -LEADER
fixed length control field 00625nam a22001697a 4500
003 - CONTROL NUMBER IDENTIFIER
control field MACL
005 - DATE AND TIME OF LATEST TRANSACTION
control field 20160731143201.0
008 - FIXED-LENGTH DATA ELEMENTS--GENERAL INFORMATION
fixed length control field 160731b xxu||||| |||| 00| 0 eng d
040 ## - CATALOGING SOURCE
Transcribing agency MACL
041 ## - LANGUAGE CODE
Language code of text/sound track or separate title Hindi
082 ## - DEWEY DECIMAL CLASSIFICATION NUMBER
Classification number 340 PAN
100 ## - MAIN ENTRY--PERSONAL NAME
Personal name पानथरे, आर. टी
9 (RLIN) 65886
245 ## - TITLE STATEMENT
Title मध्‍यप्रदेश छत्‍तीसगढ वित्‍तीय संहिता
Remainder of title भाग 1 एवं 2 हिन्‍दी
Statement of responsibility, etc. आर. टी. पानथरे
260 ## - PUBLICATION, DISTRIBUTION, ETC. (IMPRINT)
Place of publication, distribution, etc. भोपाल
Name of publisher, distributor, etc. सुविधा लॉ हाउस
Date of publication, distribution, etc. 2011
650 ## - SUBJECT ADDED ENTRY--TOPICAL TERM
Topical term or geographic name as entry element लॉ
9 (RLIN) 33609
942 ## - ADDED ENTRY ELEMENTS (KOHA)
Source of classification or shelving scheme
Koha item type Hindi Books
Holdings
Withdrawn status Lost status Source of classification or shelving scheme Damaged status Not for loan Home library Current library Shelving location Date acquired Cost, normal purchase price Total Checkouts Full call number Barcode Date last seen Date last checked out Price effective from Koha item type
          MACL MACL Staff Office 31/07/2016 320.00 1 340 PAN CLH021392 17/12/2017 09/12/2017 31/07/2016 Hindi Books